[Event "DEM U18 2016"]
[Site "Willingen GER"]
[Date "2016.05.18"]
[Round "6"]
[White "Petri, Ben-Luca"]
[Black "Reitz, Philipp"]
[Result "1-0"]
[Termination "normal"]
[Board "11"]
[WhiteElo "1694"]
[BlackElo "1831"]
[PlyCount "93"]
[WhiteFideId "12947261"]
[BlackFideId "12973297"]
[EventCountry "GER"]
[EventRounds "9"]
[EventType "swiss"]
[EventDate "2016.05.14"]

1. e4 c5 2. Nf3 d6 3. Bb5+ Nd7 4. O-O Ngf6 5. Re1 a6 6. Bf1 g6 7. c3 Bg7 8. d4
cxd4 9. cxd4 O-O 10. Nc3 b5 11. Bd3 Bb7 12. Qe2 Rc8 13. Bd2 Nb6 14. b3 Re8 15.
Rac1 e6 16. Qe3 Re7 17. Ne2 Rec7 18. Rxc7 Qxc7 19. Ba5 Nfd7 20. Rc1 Qb8 21.
Rxc8+ Qxc8 22. Bb4 Qc6 23. Qc1 Nf6 24. Qxc6 Bxc6 25. Nd2 Bh6 26. f4 Nc8 27. h3
Nh5 28. g3 Bd7 29. Nf3 f6 30. Kg2 Bc6 31. Nc3 Bf8 32. a4 Na7 33. axb5 Nxb5 34.
Nxb5 axb5 35. Kf2 f5 36. Nd2 Bg7 37. e5 dxe5 38. dxe5 g5 39. Be2 Nxf4 40. gxf4
gxf4 41. Bd6 Bf8 42. Bxf8 Kxf8 43. Nf3 Bd5 44. Nd4 b4 45. Bf3 Ke7 46. Bxd5 exd5
47. Kf3 1-0

[Event "DEM U18 2016"]
[Site "Willingen GER"]
[Date "2016.05.18"]
[Round "6"]
[White "Philipp, Mathias"]
[Black "Glagau, Lars"]
[Result "1-0"]
[Termination "normal"]
[Board "12"]
[WhiteElo "1870"]
[BlackElo "1447"]
[PlyCount "135"]
[WhiteFideId "12958883"]
[BlackFideId "16200390"]
[EventCountry "GER"]
[EventRounds "9"]
[EventType "swiss"]
[EventDate "2016.05.14"]

1. e4 e5 2. Nf3 Nf6 3. d4 Nxe4 4. Bd3 d5 5. dxe5 Nc6 6. O-O Nc5 7. Be2 Be7 8.
Be3 Ne6 9. c3 Bc5 10. Nd4 Nexd4 11. cxd4 Be7 12. Nc3 Nb8 13. Bd3 c6 14. Qe2 O-O
15. f4 f5 16. g4 Qe8 17. Kh1 Qf7 18. Rg1 Kh8 19. Raf1 Na6 20. Qg2 g6 21. h3 Nc7
22. Ne2 Rg8 23. Qf3 Be6 24. Ng3 Bh4 25. Kh2 Be7 26. Rf2 Raf8 27. a3 a6 28. Rc2
Na8 29. Bd2 Nb6 30. Ne2 Nc4 31. Be1 Rd8 32. Rf1 Rdf8 33. Nc1 Rc8 34. Nb3 Rgd8
35. Bb4 Bxb4 36. axb4 Nb6 37. Nc5 Rc7 38. Qg3 Nd7 39. Qh4 Rdc8 40. Na4 Re8 41.
b3 Rec8 42. Kg3 Re8 43. Kf3 Rf8 44. Ke3 Qg7 45. Nc3 Nb6 46. Ne2 Nc8 47. Rg1 Qf7
48. Rcc1 Rd7 49. Rcf1 Ne7 50. Ng3 Rc7 51. Rg2 Rd7 52. Ne2 Nc8 53. Ng1 Qg7 54.
Nf3 Ne7 55. Ng5 Qg8 56. Kd2 Rc7 57. Qh6 Rd7 58. Rh1 Re8 59. Rg3 Red8 60. Rf1
Re8 61. Rf2 Rc7 62. h4 fxg4 63. Re3 Rd7 64. h5 Nf5 65. Bxf5 Bxf5 66. e6 Bxe6
67. hxg6 Rde7 68. Rxe6 1-0

[Event "DEM U18 2016"]
[Site "Willingen GER"]
[Date "2016.05.19"]
[Round "7"]
[White "Engert, Marvin"]
[Black "Gretz, Denis"]
[Result "0-1"]
[Termination "normal"]
[Board "1"]
[WhiteElo "1909"]
[BlackElo "2316"]
[WhiteClock "00:00:48"]
[BlackClock "00:18:52"]
[PlyCount "74"]
[WhiteFideId "12901164"]
[BlackFideId "12945188"]
[EventCountry "GER"]
[EventRounds "9"]
[EventType "swiss"]
[EventDate "2016.05.14"]

1. e4 c5 2. b3 g6 3. Bb2 Nf6 4. e5 Nd5 5. c4 Nb4 6. Bc3 N4c6 7. f4 Bg7 8. Ne2
O-O 9. d4 cxd4 10. Nxd4 Nxd4 11. Bxd4 Nc6 12. Bc3 d6 13. exd6 exd6 14. Be2 Qb6
15. Bxg7 Kxg7 16. Nc3 Re8 17. Qd2 d5 18. Nxd5 Qd4 19. Rd1 Bg4 20. Nc3 Qc5 21.
h3 Qh5 22. Kf2 Qc5+ 23. Kf1 Bxe2+ 24. Nxe2 Kg8 25. Qc2 Re3 26. Rd5 Qe7 27. Kf2
Nb4 28. Qd2 Nxd5 29. cxd5 Re8 30. Re1 Qe4 31. Kf1 Rd3 32. Qc1 Qxd5 33. Nc3
Rxe1+ 34. Qxe1 Qd4 35. Ne2 Qd6 36. Kf2 Rd2 37. Qa1 Qxf4+ 0-1

[Event "DEM U18 2016"]
[Site "Willingen GER"]
[Date "2016.05.19"]
[Round "7"]
[White "Grigorian, Spartak"]
[Black "Gschnitzer, Adrian"]
[Result "1/2-1/2"]
[Termination "normal"]
[Board "2"]
[WhiteElo "2304"]
[BlackElo "2258"]
[WhiteClock "00:24:22"]
[BlackClock "00:03:49"]
[PlyCount "93"]
[WhiteFideId "24661490"]
[BlackFideId "1270337"]
[EventCountry "GER"]
[EventRounds "9"]
[EventType "swiss"]
[EventDate "2016.05.14"]

1. d4 Nf6 2. c4 c5 3. d5 b5 4. cxb5 a6 5. bxa6 g6 6. Nc3 Bxa6 7. e4 Bxf1 8.
Kxf1 d6 9. Nf3 Bg7 10. g3 O-O 11. Kg2 Nbd7 12. Qe2 Qb6 13. a4 Rfb8 14. Nb5 Ne8
15. Bg5 Kf8 16. Nd2 Nc7 17. Nc4 Qb7 18. Nxc7 Qxc7 19. a5 Qb7 20. Rhe1 Qa6 21.
Bd2 Ne5 22. Nxe5 Bxe5 23. Bc3 Bxc3 24. bxc3 Rb5 25. e5 Rxa5 26. Rxa5 Qxa5 27.
exd6 exd6 28. Qe7+ Kg7 29. Qxd6 Qxc3 30. Re4 c4 31. Qc5 Ra5 32. Qd6 Qf6 33. Qd7
Qf5 34. Qxf5 gxf5 35. Rxc4 Rxd5 36. Kf3 Rd6 37. h4 Kf6 38. Kf4 Ra6 39. Rd4 Rb6
40. Ra4 Rc6 41. Ke3 Rb6 42. Rc4 Ra6 43. Kd4 Rd6+ 44. Kc5 Rd2 45. Rf4 Ke5 46.
Kc4 Rd7 47. Kc3 1/2-1/2

[Event "DEM U18 2016"]
[Site "Willingen GER"]
[Date "2016.05.19"]
[Round "7"]
[White "Keller, Peter"]
[Black "Pfreundt, Jakob"]
[Result "0-1"]
[Termination "normal"]
[Board "3"]
[WhiteTitle "FM"]
[WhiteElo "2285"]
[BlackElo "2248"]
[WhiteClock "00:10:14"]
[BlackClock "00:08:29"]
[PlyCount "70"]
[WhiteFideId "1272105"]
[BlackFideId "12918156"]
[EventCountry "GER"]
[EventRounds "9"]
[EventType "swiss"]
[EventDate "2016.05.14"]

1. e4 e5 2. Nf3 Nc6 3. Bb5 a6 4. Ba4 d6 5. O-O Bd7 6. c3 g6 7. d4 Bg7 8. d5
Nce7 9. Bxd7+ Qxd7 10. c4 h6 11. Nc3 f5 12. Qb3 Rb8 13. Nd2 Nf6 14. f3 Nh5 15.
Qa3 c5 16. b4 cxb4 17. Qxb4 Nf4 18. Ba3 Nc8 19. Qb1 b5 20. cxb5 axb5 21. Bb4
Qa7+ 22. Kh1 Qd4 23. Nd1 O-O 24. g3 Nh5 25. Bc3 Qc5 26. Bb4 Qd4 27. Bc3 Qc5 28.
Qd3 Nb6 29. Ne3 f4 30. Ng2 fxg3 31. Nb3 Qc8 32. Kg1 Qh3 33. hxg3 Qxg3 34. Qe2
Nf4 35. Qc2 Rbc8 0-1

[Event "DEM U18 2016"]
[Site "Willingen GER"]
[Date "2016.05.19"]
[Round "7"]
[White "Riehle, Marco"]
[Black "Ehmann, Thilo"]
[Result "1/2-1/2"]
[Termination "normal"]
[Board "4"]
[WhiteElo "2271"]
[BlackElo "2305"]
[WhiteClock "01:33:50"]
[BlackClock "01:25:52"]
[PlyCount "41"]
[WhiteFideId "12904392"]
[BlackFideId "12940968"]
[EventCountry "GER"]
[EventRounds "9"]
[EventType "swiss"]
[EventDate "2016.05.14"]

1. e4 e5 2. Nf3 Nc6 3. d4 exd4 4. Bc4 Nf6 5. O-O Nxe4 6. Re1 d5 7. Bxd5 Qxd5 8.
Nc3 Qh5 9. Nxe4 Be6 10. Bg5 Bd6 11. Nxd6+ cxd6 12. Bf4 Qd5 13. c3 O-O 14. Nxd4
Nxd4 15. Qxd4 Qxd4 16. cxd4 d5 17. Rac1 Rac8 18. Rxc8 Rxc8 19. Rc1 Rxc1+ 20.
Bxc1 Kf8 21. Kf1 1/2-1/2

[Event "DEM U18 2016"]
[Site "Willingen GER"]
[Date "2016.05.19"]
[Round "7"]
[White "Sabirov, Ramil"]
[Black "Beeck, Mats"]
[Result "0-1"]
[Termination "normal"]
[Board "5"]
[WhiteElo "2043"]
[BlackElo "2114"]
[WhiteClock "00:00:50"]
[BlackClock "00:09:43"]
[PlyCount "76"]
[WhiteFideId "12900303"]
[BlackFideId "12936944"]
[EventCountry "GER"]
[EventRounds "9"]
[EventType "swiss"]
[EventDate "2016.05.14"]

1. d4 Nf6 2. c4 e6 3. Nc3 Bb4 4. Qc2 O-O 5. Nf3 d5 6. cxd5 exd5 7. Bg5 h6 8.
Bh4 c5 9. e3 g5 10. Bg3 Ne4 11. Bd3 Qa5 12. O-O Nxg3 13. hxg3 c4 14. Bf5 Nd7
15. Bxd7 Bxd7 16. Ne5 Be8 17. Qf5 Bxc3 18. bxc3 Kg7 19. f4 f6 20. fxg5 hxg5 21.
Rf3 Rd8 22. g4 Rd6 23. Rh3 Rh8 24. Rxh8 Kxh8 25. Kf2 Kg7 26. Rh1 fxe5 27. Qxg5+
Rg6 28. Qe7+ Bf7 29. g5 Qb6 30. Rh7+ Kxh7 31. Qxf7+ Kh8 32. Qe8+ Rg8 33. Qxe5+
Kh7 34. Qh2+ Kg7 35. Qe5+ Kg6 36. Qxd5 Rf8+ 37. Kg3 Qc6 38. Qe5 Rf5 0-1

[Event "DEM U18 2016"]
[Site "Willingen GER"]
[Date "2016.05.19"]
[Round "7"]
[White "Boes, Julian"]
[Black "Gabler, Eric"]
[Result "1/2-1/2"]
[Termination "normal"]
[Board "6"]
[WhiteElo "2231"]
[BlackElo "1992"]
[WhiteClock "01:08:58"]
[BlackClock "01:10:05"]
[PlyCount "41"]
[WhiteFideId "12907723"]
[BlackFideId "12949841"]
[EventCountry "GER"]
[EventRounds "9"]
[EventType "swiss"]
[EventDate "2016.05.14"]

1. e4 e5 2. Nf3 Nc6 3. Bb5 a6 4. Bxc6 dxc6 5. O-O f6 6. d4 exd4 7. Qxd4 Qxd4 8.
Nxd4 c5 9. Ne2 Bd7 10. Nbc3 Bd6 11. Be3 Ne7 12. Bf4 Be6 13. Bxd6 cxd6 14. Nf4
Bf7 15. Rad1 O-O-O 16. Nfd5 Nxd5 17. Nxd5 Rhe8 18. f3 Re5 19. c4 Bxd5 20. Rxd5
Rxd5 21. exd5 1/2-1/2

[Event "DEM U18 2016"]
[Site "Willingen GER"]
[Date "2016.05.19"]
[Round "7"]
[White "Mierzwa, Robert"]
[Black "Borchert, René"]
[Result "0-1"]
[Termination "normal"]
[Board "7"]
[WhiteElo "1976"]
[BlackElo "2174"]
[PlyCount "96"]
[WhiteFideId "12918113"]
[BlackFideId "12990671"]
[EventCountry "GER"]
[EventRounds "9"]
[EventType "swiss"]
[EventDate "2016.05.14"]

1. d4 d5 2. c4 e6 3. Nf3 Nf6 4. g3 dxc4 5. Bg2 Nc6 6. O-O a6 7. e3 Bd7 8. Nbd2
b5 9. b3 c3 10. Nb1 b4 11. a3 a5 12. Ne5 Nxe5 13. Bxa8 Ng6 14. Bg2 Bb5 15. Re1
Nd5 16. e4 Nb6 17. Qh5 Qd7 18. Be3 Be7 19. Rc1 O-O 20. Nxc3 bxc3 21. Rxc3 a4
22. b4 c6 23. Rac1 Rb8 24. Bh3 Bf6 25. Qd1 h6 26. f4 Rd8 27. f5 exf5 28. Bxf5
Qd6 29. Kf2 Bxd4 30. Bxd4 Qxd4+ 31. Qxd4 Rxd4 32. Ke3 Rd8 33. Bxg6 fxg6 34. Kf4
Kf7 35. h4 Rd2 36. Ke3 Rd6 37. Kf4 Ke7 38. Kf3 Ke6 39. Kf4 Nd7 40. Kf3 Ne5+ 41.
Ke3 Rd8 42. R1c2 Rd1 43. Kf2 Rf1+ 44. Kg2 Re1 45. Kf2 Rxe4 46. Kg2 g5 47. hxg5
hxg5 48. Kf2 g4 0-1

[Event "DEM U18 2016"]
[Site "Willingen GER"]
[Date "2016.05.19"]
[Round "7"]
[White "Schmidt, Tobias"]
[Black "Peters, Tom"]
[Result "0-1"]
[Termination "normal"]
[Board "8"]
[WhiteElo "2221"]
[BlackElo "1979"]
[PlyCount "150"]
[WhiteFideId "1271683"]
[BlackFideId "24694444"]
[EventCountry "GER"]
[EventRounds "9"]
[EventType "swiss"]
[EventDate "2016.05.14"]

1. e4 c5 2. Nf3 Nc6 3. d4 cxd4 4. Nxd4 Nf6 5. Nc3 d6 6. Bg5 Bd7 7. Be2 Qa5 8.
Bxf6 gxf6 9. O-O Nxd4 10. Qxd4 Rg8 11. Nd5 Bg7 12. b4 Qd8 13. Rad1 Bc6 14. Bh5
Bh8 15. Qc4 Rg5 16. Nf4 Rxh5 17. Nxh5 Qd7 18. Qd3 Qg4 19. Ng3 f5 20. f3 fxe4
21. Nxe4 Bxe4 22. fxe4 Be5 23. Qb5+ Kf8 24. Qxb7 Rc8 25. h3 Qe6 26. Rf5 Rxc2
27. Rdf1 f6 28. Qxa7 Rxa2 29. Qe3 Qc4 30. Qh6+ Ke8 31. Qxh7 Kd7 32. R5f3 Qxb4
33. h4 Re2 34. h5 Rxe4 35. Rh3 Rf4 36. Qd3 Qd4+ 37. Re3 Qxe3+ 38. Qxe3 Bd4 39.
Qxd4 Rxd4 40. g3 Rd5 41. g4 Rd4 42. Kf2 Rxg4 43. Rh1 Rg7 44. Kf3 e5 45. h6 Rh7
46. Kg4 Ke6 47. Kh5 f5 48. Kg6 Rh8 49. h7 f4 50. Kg7 Rxh7+ 51. Kxh7 Kf5 52. Rd1
f3 53. Rxd6 e4 54. Kg7 e3 55. Rf6+ Kg4 56. Re6 e2 57. Kg6 f2 58. Rxe2 f1=Q 59.
Re4+ Kg3 60. Re5 Qa6+ 61. Kf7 Kf4 62. Re6 Qb7+ 63. Kf6 Qh7 64. Re8 Qh6+ 65. Ke7
Ke4 66. Kd7+ Kd5 67. Re7 Qf8 68. Re1 Qd6+ 69. Ke8 Qb8+ 70. Kd7 Qb5+ 71. Kc8
Qc4+ 72. Kd7 Qa4+ 73. Kc8 Kd6 74. Rb1 Qa8+ 75. Rb8 Qc6+ 0-1

[Event "DEM U18 2016"]
[Site "Willingen GER"]
[Date "2016.05.19"]
[Round "7"]
[White "Geue, Niklas"]
[Black "Philipp, Mathias"]
[Result "1-0"]
[Termination "normal"]
[Board "9"]
[WhiteElo "1936"]
[BlackElo "1870"]
[PlyCount "69"]
[WhiteFideId "12961043"]
[BlackFideId "12958883"]
[EventCountry "GER"]
[EventRounds "9"]
[EventType "swiss"]
[EventDate "2016.05.14"]

1. Nf3 c5 2. c4 Nf6 3. g3 e6 4. Bg2 d5 5. cxd5 exd5 6. d4 Nc6 7. O-O Be7 8. Nc3
O-O 9. h3 Ne4 10. Qb3 c4 11. Qd1 f5 12. Ne5 Be6 13. Bf4 Qb6 14. Nxc6 Qxc6 15.
Be5 b5 16. f3 Nxc3 17. bxc3 Ba3 18. Rb1 a5 19. Qc2 b4 20. e3 Ra6 21. g4 Rb6 22.
f4 Rf7 23. Rfe1 Rfb7 24. gxf5 b3 25. axb3 cxb3 26. Qd3 Bf7 27. e4 dxe4 28. Bxe4
Bd5 29. Bxd5+ Qxd5 30. c4 Qd7 31. Kh2 a4 32. Rg1 Bf8 33. f6 a3 34. fxg7 Be7 35.
Qxh7+ 1-0

[Event "DEM U18 2016"]
[Site "Willingen GER"]
[Date "2016.05.19"]
[Round "7"]
[White "Bugdahl, Felix"]
[Black "Schäfer, Marlon"]
[Result "0-1"]
[Termination "normal"]
[Board "11"]
[WhiteElo "1826"]
[BlackElo "1733"]
[PlyCount "82"]
[WhiteFideId "12938092"]
[BlackFideId "16208773"]
[EventCountry "GER"]
[EventRounds "9"]
[EventType "swiss"]
[EventDate "2016.05.14"]

1. e4 e5 2. f4 d5 3. exd5 c6 4. Qe2 cxd5 5. Qxe5+ Be7 6. Nc3 Nf6 7. Nf3 O-O 8.
Bb5 a6 9. Ba4 b5 10. Bb3 Re8 11. Ne2 Bc5 12. Qg5 h6 13. Qh4 Qe7 14. Ne5 Nc6 15.
c3 Nxe5 16. fxe5 Qxe5 17. Bd1 d4 18. O-O dxc3+ 19. d4 cxb2 20. Bxb2 Qe3+ 21.
Kh1 Be7 22. Rf3 Ne4 23. Qe1 Qg5 24. Bb3 Bf6 25. Bc1 Qh5 26. Nf4 Qh4 27. Qxh4
Bxh4 28. Nd3 Bf6 29. Bd5 Ra7 30. Bb2 Ng5 31. Rff1 Rae7 32. Ne5 Be6 33. Bxe6
Rxe6 34. Rac1 Bd8 35. h4 f6 36. d5 Rd6 37. hxg5 fxe5 38. gxh6 Rxh6+ 39. Kg1
Bb6+ 40. Rf2 Rf8 41. Rcf1 Rhf6 0-1

[Event "DEM U18 2016"]
[Site "Willingen GER"]
[Date "2016.05.19"]
[Round "7"]
[White "Reitz, Philipp"]
[Black "Glagau, Lars"]
[Result "1-0"]
[Termination "normal"]
[Board "12"]
[WhiteElo "1831"]
[BlackElo "1447"]
[PlyCount "47"]
[WhiteFideId "12973297"]
[BlackFideId "16200390"]
[EventCountry "GER"]
[EventRounds "9"]
[EventType "swiss"]
[EventDate "2016.05.14"]

1. e4 e5 2. Nf3 Nf6 3. Nc3 Nc6 4. d4 exd4 5. Nxd4 Bc5 6. Be3 Bb6 7. Bc4 d6 8.
O-O O-O 9. Nxc6 bxc6 10. Bg5 Be6 11. Bd3 h6 12. Bh4 Bd4 13. Kh1 Qc8 14. Ne2
Bxb2 15. Rb1 Rb8 16. Rxb2 Rxb2 17. Bxf6 gxf6 18. Qc1 Rb5 19. Bxb5 cxb5 20. Qxh6
f5 21. Ng3 f6 22. Qg6+ Kh8 23. Qh6+ Kg8 24. Nh5 1-0

[Event "DEM U18 2016"]
[Site "Willingen GER"]
[Date "2016.05.20"]
[Round "8"]
[White "Gretz, Denis"]
[Black "Pfreundt, Jakob"]
[Result "1/2-1/2"]
[Termination "normal"]
[Board "1"]
[WhiteElo "2316"]
[BlackElo "2248"]
[WhiteClock "00:35:23"]
[BlackClock "00:18:11"]
[PlyCount "46"]
[WhiteFideId "12945188"]
[BlackFideId "12918156"]
[EventCountry "GER"]
[EventRounds "9"]
[EventType "swiss"]
[EventDate "2016.05.14"]

1. e4 e5 2. Nf3 Nc6 3. Bc4 Nf6 4. d3 Bc5 5. c3 a6 6. Bb3 Ba7 7. O-O d6 8. Be3
O-O 9. Nbd2 h6 10. h3 Re8 11. Re1 Bxe3 12. Rxe3 d5 13. Re1 dxe4 14. dxe4 Qe7
15. Nf1 Rd8 16. Qc2 Be6 17. Ne3 Rd7 18. Rad1 Rad8 19. Bxe6 Qxe6 20. b3 g6 21.
Rxd7 Rxd7 22. Kh2 Kg7 23. g3 a5 1/2-1/2

[Event "DEM U18 2016"]
[Site "Willingen GER"]
[Date "2016.05.20"]
[Round "8"]
[White "Engert, Marvin"]
[Black "Grigorian, Spartak"]
[Result "0-1"]
[Termination "normal"]
[Board "2"]
[WhiteElo "1909"]
[BlackElo "2304"]
[WhiteClock "00:02:12"]
[BlackClock "00:36:46"]
[PlyCount "158"]
[WhiteFideId "12901164"]
[BlackFideId "24661490"]
[EventCountry "GER"]
[EventRounds "9"]
[EventType "swiss"]
[EventDate "2016.05.14"]

1. e4 c5 2. b3 g6 3. Bb2 Nf6 4. Nc3 d6 5. Nd5 Bg7 6. Bb5+ Nc6 7. Nxf6+ exf6 8.
Qf3 O-O 9. Bxc6 bxc6 10. Ne2 d5 11. d3 Re8 12. O-O Ba6 13. Nc3 Re5 14. Rfe1 f5
15. Na4 fxe4 16. dxe4 d4 17. Rad1 Bb5 18. c3 Rh5 19. g4 Rh4 20. Nxc5 Qg5 21.
cxd4 Rxg4+ 22. Kh1 Qh5 23. Re3 Bh6 24. Nd7 Bg5 25. d5 Rh4 26. Qxh5 Rxh5 27. f4
cxd5 28. Rxd5 Bxd7 29. Rxg5 Rh4 30. Be5 Bc6 31. Kg1 Rd8 32. Re1 Re8 33. Rg3 Re6
34. Rge3 g5 35. Rg3 f6 36. Bb8 h6 37. fxg5 hxg5 38. e5 g4 39. Bxa7 f5 40. Rc3
f4 41. Rf1 Bf3 42. Rc4 Rh7 43. Rc8+ Kf7 44. Rc7+ Re7 45. Rfc1 Ke6 46. Rxe7+
Rxe7 47. Bb8 Re8 48. Bd6 Rh8 49. Rc3 Kd5 50. Rc5+ Ke6 51. Rc3 Bd5 52. a4 f3 53.
b4 Rh3 54. Rc2 g3 55. Bc5 f2+ 56. Kf1 Rxh2 57. Bxf2 g2+ 58. Ke1 g1=Q+ 59. Bxg1
Rxc2 60. Bd4 Rc4 61. Bc5 Kxe5 62. a5 Bb7 63. Kd2 Ke4 64. Bf8 Ba6 65. Bc5 Bb5
66. Bf8 Rc6 67. Bc5 Rg6 68. Bf8 Rg2+ 69. Kc3 Ba4 70. b5 Bxb5 71. Kb4 Bf1 72.
Be7 Kd5 73. Bd8 Rg3 74. Bc7 Rf3 75. Bd8 Bc4 76. Bb6 Rb3+ 77. Ka4 Ke4 78. Bc7
Kd3 79. Be5 Kc2 0-1

[Event "DEM U18 2016"]
[Site "Willingen GER"]
[Date "2016.05.20"]
[Round "8"]
[White "Beeck, Mats"]
[Black "Keller, Peter"]
[Result "1-0"]
[Termination "normal"]
[Board "3"]
[BlackTitle "FM"]
[WhiteElo "2114"]
[BlackElo "2285"]
[WhiteClock "00:17:42"]
[BlackClock "00:34:15"]
[PlyCount "111"]
[WhiteFideId "12936944"]
[BlackFideId "1272105"]
[EventCountry "GER"]
[EventRounds "9"]
[EventType "swiss"]
[EventDate "2016.05.14"]

1. e4 e5 2. Nf3 Nc6 3. Bb5 a6 4. Ba4 Nf6 5. O-O Be7 6. Re1 b5 7. Bb3 d6 8. c3
O-O 9. h3 Nb8 10. d4 Nbd7 11. Nbd2 Bb7 12. Bc2 Re8 13. Nf1 Bf8 14. Ng3 g6 15.
a4 c5 16. d5 c4 17. Bg5 Nc5 18. Qe2 Be7 19. Be3 Nfd7 20. Nd2 Bg5 21. Qg4 h6 22.
h4 Bxe3 23. fxe3 Nf6 24. Qe2 h5 25. Nf3 Nh7 26. Nf1 Qe7 27. Ra3 Nf6 28. N1d2
Nfd7 29. Ng5 Nb6 30. a5 Nbd7 31. Rf1 Nf6 32. Ndf3 Bc8 33. Nh2 Rf8 34. Raa1 Nh7
35. Nxh7 Kxh7 36. Qf2 Kg7 37. Qg3 Rb8 38. Rf5 Bxf5 39. exf5 e4 40. Rf1 Kh7 41.
Qh3 Rg8 42. g4 Nd7 43. Kh1 Nf6 44. Rf4 Rbe8 45. g5 Nxd5 46. Rxe4 Qd8 47. Qf3
Rxe4 48. Bxe4 Ne7 49. f6 Kh8 50. fxe7 Qxe7 51. Nf1 Qc7 52. Ng3 Kg7 53. Qf6+ Kf8
54. Bd5 Rg7 55. Ne4 Qxa5 56. Qxd6+ 1-0

[Event "DEM U18 2016"]
[Site "Willingen GER"]
[Date "2016.05.20"]
[Round "8"]
[White "Gschnitzer, Adrian"]
[Black "Ehmann, Thilo"]
[Result "0-1"]
[Termination "normal"]
[Board "4"]
[WhiteElo "2258"]
[BlackElo "2305"]
[WhiteClock "00:08:29"]
[BlackClock "00:29:40"]
[PlyCount "130"]
[WhiteFideId "1270337"]
[BlackFideId "12940968"]
[EventCountry "GER"]
[EventRounds "9"]
[EventType "swiss"]
[EventDate "2016.05.14"]

1. e4 c5 2. Nf3 a6 3. Nc3 e6 4. d4 cxd4 5. Nxd4 Qc7 6. Bd3 Nf6 7. O-O Nc6 8.
Nb3 b5 9. a3 Be7 10. f4 d6 11. Bd2 Bb7 12. Qe2 O-O 13. Rae1 b4 14. axb4 Nxb4
15. e5 dxe5 16. fxe5 Nfd5 17. Nxd5 Bxd5 18. Bxb4 Bxb4 19. Ra1 Bxb3 20. cxb3 a5
21. Rac1 Qb6+ 22. Kh1 Rad8 23. Rc4 g6 24. Rf3 Rd5 25. h4 Qb8 26. Re4 Rfd8 27.
h5 Bf8 28. hxg6 hxg6 29. Bc4 Rd1+ 30. Kh2 Bg7 31. Qe3 Qc7 32. Qg5 R8d4 33. Rff4
Rxe4 34. Rxe4 Rd4 35. Rxd4 Qxe5+ 36. Qxe5 Bxe5+ 37. Kh3 Bxd4 38. b4 axb4 39. b3
Kg7 40. Kg4 f5+ 41. Kf3 e5 42. Bb5 Kf6 43. Be8 g5 44. Bd7 e4+ 45. Ke2 Ke5 46.
Bc8 Bc5 47. Bd7 Bg1 48. Bc8 f4 49. Bd7 Kd4 50. Kf1 Be3 51. Ke2 Kc3 52. Be6 Bb6
53. Bd5 Kd4 54. Be6 Kc3 55. Bd5 Kc2 56. Be6 Ba7 57. Bd5 g4 58. Kf1 Kd3 59. Be6
g3 60. Bd5 f3 61. Bc6 fxg2+ 62. Kxg2 e3 63. Kf1 Kd2 64. Bf3 e2+ 65. Bxe2 g2+
0-1

[Event "DEM U18 2016"]
[Site "Willingen GER"]
[Date "2016.05.20"]
[Round "8"]
[White "Borchert, René"]
[Black "Riehle, Marco"]
[Result "1-0"]
[Termination "normal"]
[Board "5"]
[WhiteElo "2174"]
[BlackElo "2271"]
[WhiteClock "00:02:55"]
[BlackClock "00:44:49"]
[PlyCount "79"]
[WhiteFideId "12990671"]
[BlackFideId "12904392"]
[EventCountry "GER"]
[EventRounds "9"]
[EventType "swiss"]
[EventDate "2016.05.14"]

1. e4 e5 2. Bc4 Bc5 3. Nf3 Nc6 4. c3 Nf6 5. d4 exd4 6. cxd4 Bb4+ 7. Nbd2 d5 8.
exd5 Nxd5 9. O-O O-O 10. a3 Be7 11. Re1 Bg4 12. h3 Bh5 13. Ba2 Nf6 14. Qb3 Re8
15. d5 Na5 16. Qa4 b6 17. b4 Nb7 18. Bb2 Qd7 19. Qa6 Nd6 20. Rac1 Bf8 21. Ne5
Qf5 22. Ndf3 Bxf3 23. Nxf3 Nxd5 24. Bb1 Qh5 25. Be5 Ne7 26. Rxc7 Ng6 27. Bxg6
hxg6 28. Rxa7 Rxa7 29. Qxa7 Nc4 30. Bc3 Rxe1+ 31. Bxe1 Qd5 32. Qa4 b5 33. Qa6
Bd6 34. a4 bxa4 35. Qxa4 f6 36. Qb3 Kh7 37. b5 Qe4 38. Kf1 Nb6 39. Qe3 Qb1 40.
Qxb6 1-0

[Event "DEM U18 2016"]
[Site "Willingen GER"]
[Date "2016.05.20"]
[Round "8"]
[White "Peters, Tom"]
[Black "Boes, Julian"]
[Result "1-0"]
[Termination "normal"]
[Board "6"]
[WhiteElo "1979"]
[BlackElo "2231"]
[WhiteClock "00:38:09"]
[BlackClock "00:28:08"]
[PlyCount "107"]
[WhiteFideId "24694444"]
[BlackFideId "12907723"]
[EventCountry "GER"]
[EventRounds "9"]
[EventType "swiss"]
[EventDate "2016.05.14"]

1. e4 e6 2. d4 d5 3. Nc3 Bb4 4. e5 c5 5. a3 Bxc3+ 6. bxc3 Ne7 7. Qg4 cxd4 8.
Qxg7 Rg8 9. Qxh7 Qc7 10. Ne2 Nbc6 11. f4 dxc3 12. Qd3 d4 13. Ng3 Bd7 14. Ne4
O-O-O 15. Nd6+ Kb8 16. Rb1 Bc8 17. Nxf7 Rdf8 18. Nd6 Ng6 19. Qe4 Rd8 20. Nxc8
Kxc8 21. Bc4 Kb8 22. Ba6 b6 23. Bd3 Nh4 24. g3 Nf5 25. Kf2 Rdf8 26. Rg1 Rh8 27.
Rg2 Rh3 28. Be2 Nxe5 29. Qxe5 Qxe5 30. fxe5 Ne3+ 31. Kg1 Nxg2 32. Kxg2 Rfh8 33.
Bf4 Rxh2+ 34. Kf3 Kc7 35. Rb4 Rd8 36. Rc4+ Kb7 37. Bd3 Rh1 38. Bg5 Rd7 39. Bf6
a5 40. a4 Rd1 41. g4 Rxd3+ 42. cxd3 b5 43. axb5 Kb6 44. g5 Kxb5 45. g6 a4 46.
g7 Rxg7 47. Bxg7 a3 48. Rc8 Kb4 49. Rb8+ Ka4 50. Ke4 a2 51. Ra8+ Kb3 52. Kxd4
c2 53. Bh6 Kb2 54. Kc5 1-0

[Event "DEM U18 2016"]
[Site "Willingen GER"]
[Date "2016.05.20"]
[Round "8"]
[White "Gabler, Eric"]
[Black "Geue, Niklas"]
[Result "0-1"]
[Termination "normal"]
[Board "7"]
[WhiteElo "1992"]
[BlackElo "1936"]
[PlyCount "86"]
[WhiteFideId "12949841"]
[BlackFideId "12961043"]
[EventCountry "GER"]
[EventRounds "9"]
[EventType "swiss"]
[EventDate "2016.05.14"]

1. d4 Nf6 2. c4 e6 3. Nc3 Bb4 4. e3 c5 5. Nge2 cxd4 6. exd4 d5 7. a3 Be7 8. Ng3
O-O 9. Bf4 Nc6 10. c5 b6 11. b4 bxc5 12. bxc5 Qa5 13. Qd2 Ba6 14. Bxa6 Qxa6 15.
Nge2 Na5 16. Qb2 Nh5 17. Be5 Nc4 18. Qb4 Rfc8 19. Qa4 Qxa4 20. Nxa4 g6 21. Bf4
Nxf4 22. Nxf4 Rab8 23. O-O Rb3 24. Rfd1 Bf6 25. Ne2 Rcb8 26. g3 Kf8 27. Ra2 Ke8
28. Nac3 Kd7 29. a4 a6 30. a5 Bd8 31. Rda1 Kc6 32. Kf1 Rb2 33. Ra4 R2b4 34. Nc1
Rxa4 35. Nxa4 Rb5 36. Nb6 Rxa5 37. Rxa5 Nxa5 38. Nd3 Bf6 39. Nb4+ Kb5 40. Nc2
Nb3 41. Nd7 Bxd4 42. Na3+ Kc6 43. Nb8+ Kb7 0-1

[Event "DEM U18 2016"]
[Site "Willingen GER"]
[Date "2016.05.20"]
[Round "8"]
[White "Schnabel, Bennett"]
[Black "Schmidt, Tobias"]
[Result "0-1"]
[Termination "normal"]
[Board "8"]
[WhiteElo "2047"]
[BlackElo "2221"]
[PlyCount "83"]
[WhiteFideId "12943290"]
[BlackFideId "1271683"]
[EventCountry "GER"]
[EventRounds "9"]
[EventType "swiss"]
[EventDate "2016.05.14"]

1. e4 e6 2. d4 d5 3. Nd2 a6 4. Ngf3 Nf6 5. e5 Nfd7 6. Bd3 c5 7. c3 Nc6 8. O-O
g5 9. Nxg5 Qxg5 10. f4 Qh4 11. Nf3 Qh5 12. Be2 Qg6 13. Ng5 h5 14. f5 exf5 15.
Rxf5 Ndxe5 16. Rxe5+ Nxe5 17. dxe5 Be6 18. Nxe6 Qxe6 19. Bg5 Be7 20. Bxe7 Kxe7
21. Qb3 b5 22. Bf3 Qxe5 23. Kf2 Kf6 24. Re1 Qf5 25. Kg1 Kg7 26. Rf1 Rad8 27.
Qa3 d4 28. cxd4 cxd4 29. Qxa6 d3 30. Bd1 Qc5+ 31. Kh1 Rd6 32. Qb7 Rf6 33. Rxf6
Kxf6 34. g3 Re8 35. Qf3+ Qf5 36. Qc6+ Kg7 37. Qc3+ f6 38. Kg2 Qd5+ 39. Kf2 d2
40. Bc2 Kg8 41. Bd1 Qf5+ 42. Kg2 0-1